| 000 | 00916cam a2200313Li 4500 | ||
|---|---|---|---|
| 001 | 96490 | ||
| 005 | 20230410143207.0 | ||
| 008 | 100707s2010 sp g 000 j spa d | ||
| 035 | _a(OCoLC)ocn690899793 | ||
| 040 |
_aZWZ _encafnor _bfre _cZWZ |
||
| 020 | _a9788466323420 | ||
| 020 | _a8466323422 | ||
| 029 | 0 |
_aZWZ _b145574660 |
|
| 035 | _a(OCoLC)690899793 | ||
| 041 | 1 |
_aspa _hpor |
|
| 050 | 1 | 4 | _abS243v 2010 |
| 049 | _aGRAL | ||
| 100 | 1 |
_aSaramago, José, _d1922- |
|
| 240 | 1 | 0 |
_aViagem do elefante. _lSpanish |
| 245 | 1 | 3 |
_aEl viaje del elefante / _cJosé Saramago ; traducción de Pilar Del Râio. |
| 260 |
_aMadrid : _bSantillana Ediciones Generales, _cc2010. |
||
| 300 |
_a1 vol. (270 p.) ; _c21 cm. |
||
| 490 | 1 |
_aPunto de lectura, _x1699-664X |
|
| 700 | 1 |
_aRío, Pilar del _d(1950-....) |
|
| 830 | 0 |
_aPunto de lectura. _x1699-664X |
|
| 942 |
_2lcc _cbk |
||
| 946 | _amjcruz | ||
| 994 |
_aC0 _bDRFGD |
||
| 999 |
_c97473 _d97473 |
||